[Event "Grand Rapids (MI Am/2/2)"]
[Site "?"]
[Date "1995.??.??"]
[Round "?"]
[White "Evans Sr., Thomas"]
[Black "Kreger, David"]
[Result "1-0"]
[WhiteElo "1945"]
[BlackElo "1605"]
[PlyCount "87"]
[EventDate "1995.??.??"]

{2/(2)} 1. e4 Nc6 2. d4 d5 3. e5 Bf5 4. Bb5 Qd7 5. Ne2 a6 6. Bxc6 Qxc6 7. c3
Bxb1 8. Rxb1 Qg6 9. Bf4 Qxg2 10. Ng3 Qh3 11. Qb3 O-O-O 12. c4 Qd7 13. Rc1 e6
14. O-O c6 15. c5 Ne7 16. Bd2 Nf5 17. Nxf5 exf5 18. Ba5 Re8 19. Qb6 Kb8 20. Rc3
Be7 21. Rb3 Ka8 22. Qb4 h5 23. Re1 Rh6 24. Qd2 Rg6+ 25. Kf1 Re6 26. Bb6 g6 27.
Ra3 Qc8 28. f4 f6 29. Qd3 fxe5 30. dxe5 g5 31. b4 Kb8 32. Qf3 g4 33. Qd3 Rf8
34. Rb3 Bd8 35. Bxd8 Qxd8 36. a4 Qh4 37. Re2 Qe7 38. Rc2 Qd7 39. b5 Ka7 40.
bxa6 bxa6 41. Rb6 Qc8 42. Rcb2 Rf7 43. Qb3 h4 44. Rxa6+ 1-0

[Event "Gaylord (NMO/3/7)"]
[Site "?"]
[Date "1995.??.??"]
[Round "?"]
[White "Evans Sr., Thomas"]
[Black "Jones, W."]
[Result "1/2-1/2"]
[WhiteElo "1910"]
[BlackElo "1605"]
[PlyCount "136"]
[EventDate "1995.??.??"]

{3/(7)} 1. e4 d5 2. exd5 Nf6 3. Bc4 g6 4. Nc3 Bg7 5. Nge2 Bg4 6. f3 Bf5 7. Ng3
Qd6 8. d4 Nbd7 9. Nb5 Qb4+ 10. Nc3 Qxc4 11. Qe2 Qxe2+ 12. Ngxe2 Bxc2 13. Kd2
Bf5 14. g4 Nxg4 15. fxg4 Bxg4 16. Nb5 O-O 17. Ke1 a6 18. Nxc7 Rac8 19. Bf4 Bxe2
20. Kxe2 Bxd4 21. d6 exd6 22. Bxd6 Nf6 23. Rhd1 Bb6 24. Bxf8 Kxf8 25. Nd5 Nxd5
26. Rxd5 Rc2+ 27. Rd2 Rc6 28. Rd7 Bc7 29. Rf1 Re6+ 30. Kd3 Rd6+ 31. Rxd6 Bxd6
32. h3 b6 33. Kc4 Bc5 34. b4 Be7 35. a3 a5 36. Rf3 axb4 37. axb4 f5 38. Kb5 Kf7
39. Rb3 Bd8 40. Kc6 Ke8 41. Re3+ Kf7 42. Rd3 Ke8 43. b5 f4 44. Rd4 g5 45. Kd6
Be7+ 46. Ke6 Bc5 47. Ra4 Kf8 48. h4 h6 49. hxg5 hxg5 50. Kf6 Be7+ 51. Kf5 f3
52. Ra2 Bc5 53. Kf6 Be7+ 54. Kf5 Bc5 55. Kxg5 Ke7 56. Kf5 f2 57. Ra1 Kd6 58.
Rd1+ Ke7 59. Ke5 Bd6+ 60. Kd5 Bc5 61. Ke5 Bd6+ 62. Kd5 Bc5 63. Ke4 Ke6 64. Kf3
Ke5 65. Ke2 Ke6 66. Rd3 Ke7 67. Rd5 Ke6 68. Rh5 Kd6 1/2-1/2

[Event "Lansing (Mini-Swiss.1/3)"]
[Site "?"]
[Date "1995.??.??"]
[Round "?"]
[White "Evans Sr., Thomas"]
[Black "Garrison, Ray"]
[Result "1-0"]
[WhiteElo "1910"]
[BlackElo "1900"]
[PlyCount "109"]
[EventDate "1995.??.??"]

{1/(3)} 1. e4 e6 2. Nf3 d5 3. exd5 exd5 4. d4 Bd6 5. Nc3 Ne7 6. Bd3 c6 7. Bg5
Qb6 8. Na4 Qa5+ 9. c3 Bg4 10. b4 Bxf3 11. bxa5 Bxd1 12. Kxd1 O-O 13. Rb1 b6 14.
axb6 axb6 15. Nxb6 Rxa2 16. c4 h6 17. Bd2 Rd8 18. c5 Bc7 19. Re1 Kf8 20. g3 Ng8
21. Re3 Nf6 22. f3 Re8 23. Rxe8+ Kxe8 24. Bc2 Ra3 25. Bb3 Bxb6 26. cxb6 Nfd7
27. Bf4 Kd8 28. Bd6 Ra6 29. Bc2 Kc8 30. b7+ Kd8 31. Bf5 Ra4 32. Bxd7 Nxd7 33.
b8=Q+ Nxb8 34. Rxb8+ Kd7 35. Bc5 Ra1+ 36. Kc2 Ra2+ 37. Rb2 Ra3 38. Bxa3 Ke6 39.
Kd3 f5 40. f4 g6 41. Rb7 g5 42. Rh7 g4 43. Rxh6+ Kd7 44. Rf6 c5 45. Bxc5 Ke8
46. Rxf5 Kd8 47. Rxd5+ Kc7 48. Rg5 Kc6 49. Kc4 Kd7 50. Kd5 Ke8 51. Rg7 Kd8 52.
Re7 Kc8 53. Kc6 Kd8 54. d5 Kc8 55. Re8# 1-0

[Event "East Lansing (Class A/2/7)"]
[Site "?"]
[Date "1995.??.??"]
[Round "?"]
[White "Evans Sr., Thomas"]
[Black "Ford, William"]
[Result "0-1"]
[WhiteElo "1915"]
[BlackElo "1820"]
[PlyCount "80"]
[EventDate "1995.??.??"]

{2/(7)} 1. e4 e6 2. d4 d5 3. exd5 exd5 4. Nf3 Nf6 5. Be2 Be7 6. Ne5 O-O 7. O-O
Be6 8. f4 Bf5 9. g4 Be4 10. Bf3 c6 11. Nd2 Bxf3 12. Qxf3 Nbd7 13. g5 Nxe5 14.
fxe5 Ne4 15. Nxe4 dxe4 16. Qxe4 Bxg5 17. Bxg5 Qxg5+ 18. Kh1 Rad8 19. Rg1 f5 20.
Qe2 Qe7 21. Rad1 Qe6 22. c4 Rfe8 23. Rge1 Re7 24. b3 Red7 25. Qe3 h6 26. Rd2 g5
27. Red1 Re7 28. Rg1 c5 29. Re1 cxd4 30. Rxd4 Rxd4 31. Qxd4 Rd7 32. Qxa7 Qc6+
33. Kg1 Rd2 34. Qf2 Rxf2 35. Kxf2 Qe6 36. Re3 Kf7 37. Ke2 f4 38. Re4 Qf5 39.
e6+ Ke7 40. Rd4 Qe5+ 0-1

[Event "East Lansing (MI Op/5/22)"]
[Site "?"]
[Date "1995.??.??"]
[Round "?"]
[White "Evans Sr., Thomas"]
[Black "Easter, J."]
[Result "1/2-1/2"]
[WhiteElo "1945"]
[BlackElo "1700"]
[PlyCount "110"]
[EventDate "1995.??.??"]

{5/(22)} 1. e4 c5 2. Nc3 Nc6 3. Nf3 d6 4. Bb5 a6 5. Bxc6+ bxc6 6. h3 g6 7. d4
cxd4 8. Qxd4 Nf6 9. e5 c5 10. Qd3 Bf5 11. Qe2 dxe5 12. Nxe5 Bg7 13. Qc4 O-O 14.
O-O Bxc2 15. Qxc5 Ne4 16. Nxe4 Bxe4 17. Re1 Rc8 18. Qe3 Ba8 19. Nf3 e6 20. Qe2
Bxf3 21. Qxf3 Rc2 22. Rb1 Qa5 23. Re2 Rfc8 24. Rxc2 Qe1+ 25. Kh2 Rxc2 26. Qa8+
Bf8 27. Bh6 Qe5+ 28. Kg1 Qc5 29. Bxf8 Qxf8 30. Qxa6 Kg7 31. Qd3 Qc8 32. Qf3
Rxb2 33. Rxb2 Qc1+ 34. Kh2 Qxb2 35. a3 Qe5+ 36. g3 Qd4 37. Kg2 e5 38. Qe3 Qd5+
39. Kf1 Qd1+ 40. Qe1 Qd3+ 41. Kg2 Qxa3 42. Qxe5+ Kg8 43. Qe8+ Kg7 44. Qc6 Qb2
45. Qd5 Qc3 46. h4 h5 47. Qf3 Qf6 48. Qe4 Qc3 49. Qd5 Qf6 50. Qe4 Qc3 51. Qf3
Qf6 52. Qd5 Qc3 53. Kh3 Qf6 54. Kg2 Qc3 55. Qd6 Qf6 1/2-1/2

[Event "East Lansing (MOR/7/38)"]
[Site "?"]
[Date "1995.??.??"]
[Round "?"]
[White "Evans Sr., Thomas"]
[Black "DeBlasio, N."]
[Result "0-1"]
[WhiteElo "1605"]
[BlackElo "1605"]
[PlyCount "34"]
[EventDate "1995.??.??"]

{7/(38)} 1. e4 Nf6 2. Nc3 Nc6 3. Nf3 e5 4. a3 Bc5 5. Bc4 O-O 6. O-O d5 7. exd5
Nd4 8. Nxd4 Bxd4 9. d3 Re8 10. Nb5 Bg4 11. Qd2 Bb6 12. Qe1 Qd7 13. Nc3 Bh3 14.
gxh3 Qxh3 15. Ne2 Ng4 16. Bf4 exf4 17. Nxf4 Qxh2# 0-1

[Event "Grand Rapids (MI Am/4/4)"]
[Site "?"]
[Date "1995.??.??"]
[Round "?"]
[White "Evans Sr., Thomas"]
[Black "Bolda, M."]
[Result "0-1"]
[WhiteElo "1945"]
[BlackElo "1790"]
[PlyCount "66"]
[EventDate "1995.??.??"]

{4/(4)} 1. e4 d5 2. exd5 Nf6 3. c4 c6 4. dxc6 Nxc6 5. Nf3 e5 6. h3 Bf5 7. Qb3
Nb4 8. Na3 Bc5 9. Be2 Qb6 10. O-O Ne4 11. Kh2 Bxf2 12. g4 Be6 13. Kg2 h5 14. g5
h4 15. Nh2 Bg3 16. d4 exd4 17. Nc2 Nxc2 18. Qxc2 Nf2 19. Ng4 d3 20. Bxd3 Qc6+
21. Be4 Nxe4 22. Kg1 Bxg4 23. hxg4 Qc5+ 24. Kg2 Nxg5 25. Bxg5 Qxg5 26. Qe4+ Qe7
27. Qxe7+ Kxe7 28. Rf3 Rad8 29. Re3+ Kf6 30. Rf1+ Kg6 31. Re7 Rd2+ 32. Kf3 Rhd8
33. Re3 R8d3 {[Remainder illegible; 0-1, 60?]} 0-1

[Event "Lansing (Mini-Swiss.3/1)"]
[Site "?"]
[Date "1995.??.??"]
[Round "?"]
[White "Evans Sr., Thomas"]
[Black "Andreas, L."]
[Result "1/2-1/2"]
[WhiteElo "1605"]
[BlackElo "1605"]
[PlyCount "102"]
[EventDate "1995.??.??"]

{3/(1)} 1. e4 c5 2. Bc4 Nc6 3. Nf3 e6 4. O-O d6 5. d4 cxd4 6. Nxd4 Nf6 7. Nc3
Be7 8. Bb5 Bd7 9. Nxc6 bxc6 10. Ba6 O-O 11. Be2 e5 12. h3 d5 13. exd5 cxd5 14.
Nxd5 Nxd5 15. Qxd5 Qc7 16. Bd3 Bc6 17. Qc4 Rab8 18. Be4 Rb6 19. Be3 Bc5 20.
Bxc5 Bxe4 21. b3 Rc6 22. b4 Bf5 23. Qc3 Kh8 24. Rae1 f6 25. Qe3 Rf7 26. Re2 Be6
27. c3 Bc4 28. Rd2 Bxf1 29. Bxa7 h6 30. Kxf1 Qxa7 31. Rd8+ Kh7 32. Qe4+ g6 33.
Qxc6 Qxa2 34. Kg1 g5 35. Qe8 Kg6 36. Rd7 f5 37. Qxf7+ Qxf7 38. Rxf7 Kxf7 39. b5
Ke6 40. c4 Kd6 41. b6 Kc6 42. c5 e4 43. Kf1 f4 44. Ke2 h5 45. g3 h4 46. g4 Kb7
47. f3 e3 48. Kd3 Kc6 49. Ke2 Kb7 50. Kf1 Kc6 51. Ke2 Kb7 1/2-1/2

[Event "Grand Rapids (MI Am/4/46)"]
[Site "?"]
[Date "1995.??.??"]
[Round "?"]
[White "Evans Jr., Thomas"]
[Black "Van de Steeg, D."]
[Result "1/2-1/2"]
[WhiteElo "1605"]
[BlackElo "1605"]
[PlyCount "116"]
[EventDate "1995.??.??"]

{4/(46)} 1. e4 e5 2. Nf3 d6 3. Bc4 Nf6 4. Nc3 c6 5. d4 exd4 6. Nxd4 d5 7. exd5
cxd5 8. Bb5+ Bd7 9. Nf5 Bxb5 10. Nxb5 Qa5+ 11. Nc3 Bb4 12. Qe2+ Ne4 13. O-O
Bxc3 14. bxc3 Qxc3 15. Bd2 Qxd2 16. Qxd2 Nxd2 17. Rfd1 g6 18. Nd6+ Kd7 19. Nxf7
Re8 20. Rxd2 Kc6 21. Rad1 Re7 22. Nd8+ Kb6 23. Rxd5 Nc6 24. Rb1+ Kc7 25. Nxc6
bxc6 26. Rc5 Rae8 27. h3 Re1+ 28. Rxe1 Rxe1+ 29. Kh2 Re2 30. f3 Kb6 31. Rc3 Kb5
32. a4+ Kxa4 33. Rxc6 a5 34. c3 Kb3 35. Ra6 a4 36. Rb6+ Kxc3 37. Kg3 a3 38. Kg4
a2 39. Ra6 Rxg2+ 40. Kf4 Kd4 41. Ra4+ Kd5 42. Ke3 g5 43. f4 Rg3+ 44. Kf2 gxf4
45. Rxa2 Rxh3 46. Re2 Rh2+ 47. Kf3 Rxe2 48. Kxe2 Ke4 49. Kf2 f3 50. Ke1 Ke3 51.
Kf1 h6 52. Kg1 f2+ 53. Kg2 h5 54. Kf1 h4 55. Kg2 h3+ 56. Kh2 f1=Q 57. Kg3 Qf4+
58. Kxh3 Kf3 1/2-1/2

[Event "Grand Rapids (MI Am/1/30)"]
[Site "?"]
[Date "1995.??.??"]
[Round "?"]
[White "Evans Jr., Thomas"]
[Black "Purkey, L."]
[Result "0-1"]
[WhiteElo "1605"]
[BlackElo "1605"]
[PlyCount "84"]
[EventDate "1995.??.??"]

{1/(30)} 1. e4 g6 2. Nc3 Bg7 3. d4 d6 4. Nf3 Bg4 5. Bc4 Nf6 6. Bg5 O-O 7. O-O
Nbd7 8. Nd5 Nxd5 9. Bxd5 c6 10. Bc4 Bxf3 11. Qxf3 Bxd4 12. Bh6 Bg7 13. Bxg7
Kxg7 14. Qc3+ f6 15. Qg3 Qb6 16. h4 Nc5 17. Qg4 Qxb2 18. Rfc1 Qd4 19. Bd3 Rad8
20. h5 d5 21. Re1 dxe4 22. Rad1 exd3 23. Rxe7+ Rf7 24. Qxd4 Rxd4 25. Re8 dxc2
26. Ra1 Rd1+ 27. Re1 Rxa1 28. Rxa1 Rd7 29. Re1 Rd1 30. Rxd1 cxd1=Q+ 31. Kh2
Qxh5+ 32. Kg1 Ne4 33. f3 Nd2 34. g4 Nxf3+ 35. Kf2 Qxg4 36. Ke2 Qe4+ 37. Kf2 Nd2
38. a4 Qf3+ 39. Ke1 Qg2 40. a5 Ne4 41. a6 Qd2+ 42. Kf1 Qf2# 0-1

[Event "Grand Rapids (MI Am/3/38)"]
[Site "?"]
[Date "1995.??.??"]
[Round "?"]
[White "Evans Jr., Thomas"]
[Black "Pecot, Dave"]
[Result "0-1"]
[WhiteElo "1605"]
[BlackElo "1605"]
[PlyCount "65"]
[EventDate "1995.??.??"]

{3/(38)} 1. e4 Nf6 2. Nc3 e5 3. Nf3 Nc6 4. d4 exd4 5. Nxd4 d6 6. Bb5 Bd7 7. O-O
Be7 8. Qf3 Nxd4 9. Qd3 Nxb5 10. Nxb5 a6 11. Nd4 O-O 12. Nf5 Re8 13. Qg3 Bxf5
14. Bh6 Bg6 15. Qh3 gxh6 16. Qxh6 Bxe4 17. Rae1 d5 18. Re3 Ng4 19. Rg3 Bxc2 20.
Rxg4+ Bg6 21. f4 Bc5+ 22. Kh1 Bf8 23. Qh3 Qe7 24. g3 Qe4+ 25. Qg2 Kh8 26. Qxe4
Bxe4+ 27. Kg1 Bc5+ 28. Rf2 Bf3 29. Kf1 Bxg4 30. Rg2 Re7 31. h4 Rae8 32. Rh2
Re1+ 33. Kg2 0-1

[Event "Lansing (Mini-Swiss.1/2)"]
[Site "?"]
[Date "1995.??.??"]
[Round "?"]
[White "Estlick, Laurence"]
[Black "Ronneberg, E."]
[Result "0-1"]
[WhiteElo "2080"]
[BlackElo "2215"]
[PlyCount "124"]
[EventDate "1995.??.??"]

{1/(2)} 1. d4 Nf6 2. c4 g6 3. Nc3 Bg7 4. e4 d6 5. g3 O-O 6. Bg2 Nc6 7. Nge2 e5
8. O-O exd4 9. Nxd4 Nxe4 10. Nxc6 Nxc3 11. bxc3 bxc6 12. Bxc6 Rb8 13. Be3 Bh3
14. Bg2 Bxg2 15. Kxg2 Bxc3 16. Rb1 Rxb1 17. Qxb1 Qa8+ 18. Kg1 Rb8 19. Qd3 Bg7
20. Re1 h5 21. Bd4 Bxd4 22. Qxd4 a5 23. c5 Qc6 24. cxd6 cxd6 25. Qf6 a4 26. Rd1
a3 27. Qxd6 Qxd6 28. Rxd6 Rb2 29. Ra6 Rxa2 30. Kg2 Kf8 31. Ra7 Ra1 32. Kf3 a2
33. h4 Ke8 34. Kg2 Kd8 35. Kf3 Kc8 36. Kg2 Kb8 37. Ra3 Kb7 38. Kf3 Kb6 39. Kg2
Kb5 40. Ra8 Kb4 41. Kf3 Kb3 42. Rb8+ Kc2 43. Rc8+ Kd1 44. Rd8+ Ke1 45. Ra8 Kf1
46. Ra7 f6 47. Ra8 g5 48. Ra4 g4+ 49. Kf4 Kxf2 50. Rc4 Re1 51. Rc2+ Re2 52. Rc1
Rb2 53. Rh1 Kg2 54. Rd1 Rf2+ 55. Ke3 Rf3+ 56. Ke4 Kxg3 57. Ra1 f5+ 58. Ke5 Rf2
59. Kf6 Kxh4 60. Rh1+ Kg3 61. Kg5 f4 62. Kxh5 Rh2+ 0-1

[Event "Gaylord (NMO/1/9)"]
[Site "?"]
[Date "1995.??.??"]
[Round "?"]
[White "Emke, Robert"]
[Black "Smeckert, Dennis"]
[Result "1/2-1/2"]
[WhiteElo "1820"]
[BlackElo "1605"]
[PlyCount "60"]
[EventDate "1995.??.??"]

{1/(9)} 1. e4 e5 2. Nf3 Nc6 3. Bc4 Be7 4. d3 Nf6 5. Nc3 O-O 6. Nd5 Na5 7. Nxe7+
Qxe7 8. Bb3 Nxb3 9. axb3 d6 10. h3 b6 11. Bg5 Bb7 12. Nh4 d5 13. exd5 Bxd5 14.
O-O h6 15. Bxf6 Qxf6 16. Qg4 Be6 17. Qg3 a5 18. f4 exf4 19. Rxf4 Qxb2 20. Raf1
Qe5 21. d4 Qd6 22. d5 Bd7 23. Qf3 a4 24. bxa4 Rxa4 25. Rxf7 Rxf7 26. Qxf7+ Kh7
27. Nf5 Bxf5 28. Qxf5+ Kg8 29. Qc8+ Kh7 30. Qf5+ Kg8 1/2-1/2

[Event "Gaylord (NMO/2/12)"]
[Site "?"]
[Date "1995.??.??"]
[Round "?"]
[White "Emke, Robert"]
[Black "Rodriguez, M."]
[Result "1/2-1/2"]
[WhiteElo "1820"]
[BlackElo "1605"]
[PlyCount "79"]
[EventDate "1995.??.??"]

{2/(12)} 1. e4 c5 2. Nf3 d6 3. d4 cxd4 4. Nxd4 Nf6 5. Nc3 g6 6. Be2 Bg7 7. Be3
O-O 8. Qd2 Nc6 9. Nxc6 bxc6 10. Bh6 Rb8 11. Bxg7 Kxg7 12. b3 Kg8 13. O-O Qb6
14. Kh1 Ba6 15. Bxa6 Qxa6 16. f4 Qa5 17. Rf3 Qc5 18. Raf1 Rb4 19. Qe3 Qxe3 20.
Rxe3 Rfb8 21. h3 Rd4 22. e5 Nd5 23. Nxd5 Rxd5 24. exd6 exd6 25. Re2 Kf8 26.
Rff2 Rb4 27. c4 Rd1+ 28. Kh2 d5 29. cxd5 cxd5 30. Rd2 Rxd2 31. Rxd2 d4 32. Kg3
f5 33. Kf3 a5 34. Rc2 Ke8 35. g3 Kd7 36. Ke2 Kd6 37. Kd3 Kd5 38. h4 a4 39. Rb2
h5 40. Rb1 1/2-1/2

[Event "Grand Rapids (MI Am/1/15)"]
[Site "?"]
[Date "1995.??.??"]
[Round "?"]
[White "Emke, Robert"]
[Black "Praveen, K."]
[Result "1-0"]
[WhiteElo "1810"]
[BlackElo "1605"]
[PlyCount "39"]
[EventDate "1995.??.??"]

{1/(15)} 1. d4 d5 2. e3 Bf5 3. c4 e6 4. Nf3 Nc6 5. c5 b6 6. Bb5 Nge7 7. Ne5
bxc5 8. Nxc6 Nxc6 9. Bxc6+ Ke7 10. Bxa8 Qxa8 11. dxc5 d4 12. O-O d3 13. Nc3 Qc6
14. e4 Bg6 15. Qxd3 Qxc5 16. Be3 Qc6 17. Rad1 f5 18. Bg5+ Kf7 19. Qd7+ Qxd7 20.
Rxd7+ 1-0

[Event "Gaylord (NMO/4/5)"]
[Site "?"]
[Date "1995.??.??"]
[Round "?"]
[White "Emke, Robert"]
[Black "Marson, Michael"]
[Result "1-0"]
[WhiteElo "1820"]
[BlackElo "1605"]
[PlyCount "63"]
[EventDate "1995.??.??"]

{4/(5)} 1. d4 e6 2. e4 d5 3. exd5 exd5 4. Bf4 Nf6 5. c3 Bd6 6. Bxd6 Qxd6 7. Bd3
O-O 8. Nd2 Re8+ 9. Ne2 Bg4 10. f3 Bh5 11. Qc2 Nbd7 12. O-O-O Bg6 13. Bxg6 fxg6
14. Ng3 c5 15. dxc5 Nxc5 16. Nb3 b6 17. Nd4 a5 18. a4 b5 19. Nxb5 Qf4+ 20. Kb1
Nxa4 21. Rd4 Nxc3+ 22. Qxc3 Qb8 23. Qd3 a4 24. Na3 Qd6 25. Rc1 Reb8 26. Rc3 Ra5
27. Qc2 Qe5 28. Rc8+ Kf7 29. Rxb8 Qxd4 30. Qc7+ Nd7 31. Qxd7+ Kf6 32. Rf8+ 1-0

[Event "Grand Rapids (MI Am/3/1)"]
[Site "?"]
[Date "1995.??.??"]
[Round "?"]
[White "Emke, Robert"]
[Black "Evans Sr., Thomas"]
[Result "1/2-1/2"]
[WhiteElo "1810"]
[BlackElo "1945"]
[PlyCount "81"]
[EventDate "1995.??.??"]

{3/(1)} 1. d4 e6 2. e4 d5 3. exd5 exd5 4. Bf4 Bd6 5. Bxd6 Qxd6 6. Bd3 Qb4+ 7.
Nd2 Qxb2 8. Ngf3 Nf6 9. O-O O-O 10. Re1 Nc6 11. Nb3 Bg4 12. Qd2 Bxf3 13. gxf3
Qa3 14. Kh1 Qd6 15. Rg1 Nd7 16. Rg3 Qf6 17. Rag1 g6 18. Qh6 Qg7 19. Qh4 Nb4 20.
Bf5 Qf6 21. Qh3 Nb6 22. c3 Nc6 23. Qh6 Ne7 24. Bd3 Qg7 25. Qh4 f5 26. Nc5 Qf6
27. Qf4 Qc6 28. Re1 Rf7 29. Re6 Qe8 30. Qxc7 Na4 31. Nxa4 Qxa4 32. Rxe7 Rxe7
33. Qxe7 Re8 34. Qxb7 Qd1+ 35. Kg2 Qxd3 36. Qxd5+ Kf8 37. Qd6+ Kf7 38. Qd5+ Kf8
39. Qd6+ Kf7 40. Qd5+ Kf8 41. Qd6+ 1/2-1/2

[Event "Grand Rapids (MI Am/5/2)"]
[Site "?"]
[Date "1995.??.??"]
[Round "?"]
[White "Emke, Robert"]
[Black "Armstead, Curt"]
[Result "0-1"]
[WhiteElo "1810"]
[BlackElo "1855"]
[PlyCount "54"]
[EventDate "1995.??.??"]

{5/(2)} 1. d4 Nf6 2. e3 g6 3. c4 Bg7 4. Nc3 c5 5. Bd3 O-O 6. Nge2 d6 7. d5 e6
8. e4 exd5 9. exd5 Re8 10. O-O Nbd7 11. f4 Ng4 12. g3 Ndf6 13. Rf3 Nh6 14. Qf1
Bg4 15. Re3 Qd7 16. Bd2 Rxe3 17. Bxe3 Bh3 18. Qf3 Re8 19. Bd2 Nf5 20. Re1 Ng4
21. Ne4 Nd4 22. Nxd4 Bxd4+ 23. Be3 Nxe3 24. Rxe3 f5 25. Nf6+ Bxf6 26. Rxe8+
Qxe8 27. b3 Bd4+ 0-1

[Event "Eastpointe (MCO/1/1)"]
[Site "?"]
[Date "1995.??.??"]
[Round "?"]
[White "Elieff, K."]
[Black "al-Shareef, Robert"]
[Result "1-0"]
[WhiteElo "2330"]
[BlackElo "1685"]
[PlyCount "45"]
[EventDate "1995.??.??"]

{1/(1)} 1. e4 c5 2. Nf3 d6 3. Bb5+ Bd7 4. Bxd7+ Qxd7 5. O-O Nc6 6. Re1 e6 7. c3
Rc8 8. d4 cxd4 9. cxd4 Be7 10. d5 Ne5 11. Nc3 a6 12. Nd4 Nf6 13. f4 Nc4 14.
dxe6 fxe6 15. f5 e5 16. Ne6 g6 17. Bg5 Nxb2 18. Qb3 Nd3 19. Bxf6 Bxf6 20. Nd5
Kf7 21. Qxd3 gxf5 22. exf5 Rhg8 23. Qh3 1-0

[Event "Eastpointe (MCO/6/3)"]
[Site "?"]
[Date "1995.??.??"]
[Round "?"]
[White "Elieff, K."]
[Black "Koster, Ed"]
[Result "1-0"]
[WhiteElo "2330"]
[BlackElo "2105"]
[PlyCount "61"]
[EventDate "1995.??.??"]

{6/(3)} 1. e4 e5 2. f4 exf4 3. Qf3 d5 4. exd5 Nf6 5. Nc3 c6 6. dxc6 Nxc6 7. Bb5
Qc7 8. d3 Bd6 9. Nge2 Bg4 10. Bxc6+ bxc6 11. Qf2 O-O 12. Bxf4 Rfe8 13. Kd2 Bxe2
14. Nxe2 Rxe2+ 15. Kxe2 Bxf4 16. g3 Re8+ 17. Kf1 Be3 18. Qf3 Nd5 19. Re1 Re6
20. Kg2 Qe7 21. Re2 Bb6 22. Rhe1 Ne3+ 23. Kh1 Nxc2 24. Rxe6 fxe6 25. Re4 Nd4
26. Qg4 Nf5 27. Qxf5 exf5 28. Rxe7 h6 29. Kg2 Kh7 30. Kf3 c5 31. Kf4 1-0

[Event "Eastpointe (MCO/3/1)"]
[Site "?"]
[Date "1995.??.??"]
[Round "?"]
[White "Elieff, K."]
[Black "Clark, K."]
[Result "1-0"]
[WhiteElo "2330"]
[BlackElo "2055"]
[PlyCount "65"]
[EventDate "1995.??.??"]

{3/(1)} 1. e4 e5 2. f4 exf4 3. Nf3 Be7 4. Bc4 Bh4+ 5. Kf1 d5 6. exd5 Bg4 7. Nc3
Ne7 8. d4 Ng6 9. Qd3 O-O 10. Ne2 Qd6 11. Qe4 Nd7 12. Nc3 Rae8 13. Qd3 Nb6 14.
Bb3 Bxf3 15. gxf3 Qd7 16. Kg2 Bf6 17. h4 Nxh4+ 18. Rxh4 Bxh4 19. Bxf4 g5 20.
Rh1 f5 21. Be5 h6 22. d6+ Kh7 23. dxc7 Kg6 24. Ne2 Na8 25. Qc4 Nxc7 26. Rxh4
Rxe5 27. dxe5 gxh4 28. Nf4+ Kg5 29. Qb4 Rd8 30. Nd3 Qd4 31. Qe7+ Kg6 32. Qf7+
Kg5 33. Qf6+ 1-0

[Event "Troy (US Am N/3/14)"]
[Site "?"]
[Date "1995.??.??"]
[Round "?"]
[White "Eggleston, D."]
[Black "Williams, Ron"]
[Result "1/2-1/2"]
[WhiteElo "1605"]
[BlackElo "1920"]
[PlyCount "45"]
[EventDate "1995.??.??"]

{3/(14)} 1. e4 c5 2. Nf3 Nc6 3. d4 cxd4 4. Nxd4 e6 5. Nc3 a6 6. Be3 Nge7 7. Be2
Nxd4 8. Bxd4 Nc6 9. O-O b5 10. Bf3 Qc7 11. Re1 Bb7 12. e5 Be7 13. Bxc6 Qxc6 14.
f3 Rc8 15. Rc1 O-O 16. Ne4 d5 17. exd6 Bxd6 18. Nxd6 Qxd6 19. Be5 Qc6 20. Qd6
Qc4 21. Qe7 Bd5 22. Bxg7 Kxg7 23. Qg5+ 1/2-1/2

[Event "Troy (US Am N/2/25)"]
[Site "?"]
[Date "1995.??.??"]
[Round "?"]
[White "Eggleston, D."]
[Black "Marson, Michael"]
[Result "1-0"]
[WhiteElo "1605"]
[BlackElo "1605"]
[PlyCount "79"]
[EventDate "1995.??.??"]

{2/(25)} 1. e4 e6 2. d4 d5 3. Nd2 Nf6 4. e5 Nfd7 5. c4 dxc4 6. Nxc4 Bb4+ 7. Bd2
Bxd2+ 8. Qxd2 Nb6 9. Nf3 Nc6 10. Be2 O-O 11. O-O f6 12. Rfd1 Nd5 13. a3 a6 14.
Rac1 b5 15. Na5 Nxa5 16. Qxa5 Ra7 17. Rc5 fxe5 18. Nxe5 Qf6 19. Nf3 Bb7 20. Qd2
Nf4 21. Qe3 Nxe2+ 22. Qxe2 Bxf3 23. gxf3 Qg6+ 24. Kh1 Rf6 25. Rg1 Qh6 26. Rcg5
c6 27. R1g3 Qh4 28. R5g4 Qh5 29. Rg5 Qe8 30. Qe5 Raf7 31. Rxg7+ Kh8 32. R7g5
Rf8 33. Rh3 Qe7 34. Rh6 R8f7 35. Rgg6 Rg7 36. Rxf6 b4 37. Rxe6 Qxe6 38. Rxe6 h6
39. Rxh6+ Kg8 40. Qe8# 1-0

[Event "Lansing (Mini-Swiss.1/2)"]
[Site "?"]
[Date "1995.??.??"]
[Round "?"]
[White "Eckert, William"]
[Black "Triplett, Thomas"]
[Result "1-0"]
[WhiteElo "1900"]
[BlackElo "1945"]
[PlyCount "79"]
[EventDate "1995.??.??"]

{1/(2)} 1. d4 Nf6 2. c4 g6 3. g3 Bg7 4. Bg2 d6 5. Nc3 O-O 6. Nf3 c6 7. O-O Nbd7
8. e4 e5 9. h3 Qe7 10. Be3 Rd8 11. d5 c5 12. Qd2 a6 13. a4 Qf8 14. Ne1 Nb6 15.
b3 Bd7 16. Nd3 a5 17. Rae1 Kh8 18. f4 exf4 19. gxf4 h6 20. e5 Nh5 21. Qf2 Bf5
22. Ne4 Nd7 23. Qh4 b6 24. Bf3 dxe5 25. fxe5 Qe8 26. Nd6 Qg8 27. Bxh5 gxh5 28.
Nxf5 Nxe5 29. Nxe5 Bxe5+ 30. Kh1 Qg6 31. Qf2 f6 32. Rg1 Qe8 33. Bxh6 Ra7 34.
Qg2 Rh7 35. Bf4 Rdd7 36. Bxe5 fxe5 37. Rxe5 Qf7 38. Re6 Qf8 39. Rh6 Qxh6 40.
Qg8# 1-0

[Event "East Lansing (Class B/4/7)"]
[Site "?"]
[Date "1995.??.??"]
[Round "?"]
[White "Eck, J."]
[Black "Thornton, Rome"]
[Result "1-0"]
[WhiteElo "1630"]
[BlackElo "1780"]
[PlyCount "89"]
[EventDate "1995.??.??"]

{4/(7)} 1. d4 Nf6 2. Nf3 d5 3. Bg5 Ne4 4. Nc3 Nxg5 5. Nxg5 e5 6. Nf3 e4 7. Nd2
Bb4 8. e3 c6 9. a3 Bd6 10. Nb3 Be6 11. f4 Nd7 12. Be2 Qh4+ 13. g3 Qe7 14. Qd2
Nb6 15. Na5 f5 16. h4 O-O 17. Na2 Nc4 18. Nxc4 dxc4 19. c3 a5 20. Kf2 b5 21.
Rag1 b4 22. axb4 axb4 23. Nxb4 Qb7 24. g4 c5 25. gxf5 Rxf5 26. dxc5 Bxc5 27.
Rg4 Rff8 28. Kg2 Bxg4 29. Bxg4 Rad8 30. Be6+ Kh8 31. Nd5 Rf6 32. f5 Rxe6 33.
fxe6 Rxd5 34. Qe2 Rd3 35. Qh5 Qxb2+ 36. Kf1 Qc1+ 37. Kg2 Qd2+ 38. Kf1 Rd8 39.
Qxc5 Qxc3 40. Kg2 Qf6 41. Rf1 Rd2+ 42. Kg1 Qg6+ 43. Qg5 Qxg5+ 44. hxg5 Rd8 45.
e7 1-0

[Event "Lansing (Mini-Swiss.2/3)"]
[Site "?"]
[Date "1995.??.??"]
[Round "?"]
[White "Eck, J."]
[Black "Sundeen, David"]
[Result "1/2-1/2"]
[WhiteElo "1620"]
[BlackElo "1700"]
[PlyCount "90"]
[EventDate "1995.??.??"]

{2/(3)} 1. e4 e5 2. c4 Nc6 3. Nf3 Nf6 4. Nc3 Bb4 5. d3 d6 6. h3 Bxc3+ 7. bxc3
b6 8. Bg5 Bb7 9. Be2 Qd7 10. a4 a5 11. Nh2 Qe6 12. O-O O-O-O 13. Ng4 Kb8 14.
Nxf6 gxf6 15. Bg4 Qe8 16. Bxf6 Rg8 17. Bxd8 Qxd8 18. f4 Bc8 19. fxe5 Nxe5 20.
Bxc8 Qxc8 21. Qh5 Nxd3 22. Qxf7 Ne5 23. Qxh7 Nxc4 24. Rf7 Ne3 25. Ra2 Rh8 26.
Qg6 Rg8 27. Rg7 Rf8 28. Ra1 Nc4 29. Rf1 Ne5 30. Qg3 Kb7 31. Qe1 Rxf1+ 32. Qxf1
Qe8 33. Qd1 Nc4 34. Qf3 Ne5 35. Qd1 Nc4 36. Rg4 Ne3 37. Qf3 Nxg4 38. e5+ Kb8
39. hxg4 Qxe5 40. Qf8+ Kb7 41. Qf3+ Ka7 42. g3 Qe1+ 43. Kg2 Qd2+ 44. Kh3 Qh6+
45. Kg2 Qd2+ 1/2-1/2

[Event "East Lansing (MOR/6/8)"]
[Site "?"]
[Date "1995.??.??"]
[Round "?"]
[White "Eck, J."]
[Black "Rotberg, Victor"]
[Result "0-1"]
[WhiteElo "1630"]
[BlackElo "1795"]
[PlyCount "120"]
[EventDate "1995.??.??"]

{6/(8)} 1. e4 c5 2. Nf3 d6 3. Nc3 Nf6 4. h3 Nc6 5. Bc4 e6 6. d3 g6 7. O-O Bg7
8. Nh2 a6 9. Bg5 Qc7 10. Bxf6 Bxf6 11. Ng4 Bg7 12. a4 O-O 13. Qd2 Nd4 14. Rae1
Bd7 15. Ba2 Qa5 16. e5 dxe5 17. Qg5 Nxc2 18. Rxe5 Qb4 19. Nf6+ Bxf6 20. Qxf6
Qd4 21. Ne2 Qxb2 22. Ng3 Nd4 23. h4 Nc6 24. Rfe1 Nxe5 25. Rxe5 Qc1+ 26. Kh2 Qh6
27. Nh5 Rfd8 28. Rf5 Qf8 29. Rg5 Bc6 30. Nf4 Qg7 31. Qe7 Qd4 32. Rg4 Re8 33.
Qg5 Qd8 34. Qe5 Qd4 35. Qe2 Qd6 36. g3 Kf8 37. Nh3 h5 38. Rf4 Bd5 39. Bb1 e5
40. Rf3 Bxf3 41. Qxf3 b5 42. Ng5 Qe7 43. Ba2 Kg7 44. Kg2 f6 45. Ne4 Rac8 46.
axb5 axb5 47. Nc3 b4 48. Nd5 Qd6 49. g4 hxg4 50. Qxg4 Qe6 51. Qg3 Qf5 52. Bc4
e4 53. Nf4 g5 54. hxg5 fxg5 55. Nh5+ Kg6 56. dxe4 Qxe4+ 57. Kg1 Qxc4 58. Qd6+
Kxh5 59. Qd1+ Qg4+ 60. Qxg4+ Kxg4 0-1